Upabhokthra samrakshana niyamangal (Consumer protection acts) (Malayalam) (Record no. 42454)

MARC details
000 -LEADER
fixed length control field 00402nam a2200133Ia 4500
020 ## - INTERNATIONAL STANDARD BOOK NUMBER
ISBN 8176383279
082 ## - DEWEY DECIMAL CLASSIFICATION NUMBER
Classification number 366.5:34
Item number LOH
100 ## - MAIN ENTRY--AUTHOR NAME
Personal name Lohithakshan, A K
245 #0 - TITLE STATEMENT
Title Upabhokthra samrakshana niyamangal (Consumer protection acts) (Malayalam)
260 ## - PUBLICATION, DISTRIBUTION, ETC. (IMPRINT)
Place of publication Trivandrum
Name of publisher Kerala Bhasha Institute
Year of publication 2002
650 ## - SUBJECT ADDED ENTRY--TOPICAL TERM
Topical Term Consumer protection
942 ## - ADDED ENTRY ELEMENTS (KOHA)
Koha item type Books
Holdings
Withdrawn status Lost status Damaged status Not for loan Home library Current library Date acquired Cost, normal purchase price Full call number Accession Number Koha item type
        RRII Library RRII Library 16/12/2021 46.00 366.5:34 LOH 22726 Books